000
00299nam a22001337a 4500
008
210225b ||||| |||| 00| 0 eng d
020
_a
0205110762
041
_a
eng
080
_a
37
100
_a
25
101
_a
EDU
245
_a
Teaching Mathematics in Grades K-8
_c
Post ,R.T
942
_2
udc
_c
BK
999
_c
55216
_d
55216